Ο διωγμός της θρησκείας εις την Κομμουνιστικήν Αλβανίαν

Αποθηκεύτηκε σε:
Λεπτομέρειες βιβλιογραφικής εγγραφής
Κύριος συγγραφέας: Πανόρμου, Θ. Ε.
Μορφή: Βιβλίο
Γλώσσα:Greek
Δημοσίευση: Αθήναι : [χ.ό.], 1960
Θέματα:
Ετικέτες: Προσθήκη ετικέτας
Δεν υπάρχουν, Καταχωρήστε ετικέτα πρώτοι!

MARC

LEADER 00000cam a2200000 i 4500
001 1/98794
008 081204s1960 gre d
035 |l 10102220 
040 |a GR-MY-UA  |b gre  |e aacr 
041 0 |a gre 
082 0 |a 201.73  |2 (22) 
100 1 |a Πανόρμου, Θ. Ε. 
245 1 2 |a Ο διωγμός της θρησκείας εις την Κομμουνιστικήν Αλβανίαν /  |c Θ.Ε. Πανόρμου 
260 |a Αθήναι :   |b [χ.ό.],   |c 1960 
300 |a 16 σ.;  |b φωτ.;  |c 24 εκ. 
650 0 0 |a Communism and religion  |z Albania. 
650 0 0 |a Religion and politics  |z Albania. 
651 0 |a Albania  |x Religion. 
651 0 |a Albania  |x Politics and government. 
852 |a INST  |b RHODES  |c AKA  |e 20081204  |h  201.73 ΠΑΝ  |p 005400031531  |q 005400031531  |t BK  |y 0 
901 |a BIBL4-2008-3 
909 |a Ρ  |b 156581 
970 |a ΧΑΡΙΟΠΟΛΙΤΟΥ  |b ΚΩΝΣΤΑΝΤΙΝΑ  |z 2008/12/04